Normal view
MARC view
Entry Personal Name
001 - CONTROL NUMBER
- control field: 17079
003 - CONTROL NUMBER IDENTIFIER
- control field: ARRUPE
005 - DATE AND TIME OF LATEST TRANSACTION
- control field: 20150409175532.0
008 - FIXED-LENGTH DATA ELEMENTS
- fixed length control field: 150409|| aca||aabn | a|a d
040 ## - CATALOGING SOURCE
- Original cataloging agency: ARRUPE
- Transcribing agency: ARRUPE
100 ## - HEADING--PERSONAL NAME
- Personal name: Doty, William G. (Trans.)
670 ## - SOURCE DATA FOUND
- Source citation: Work cat.: (ARRUPE): Guttgemanns, E. 17076, Candid questions concerning gospel form criticism , 1979